000
00414nam a2200145Ia 4500
008
100204s9999 xx 000 0 und d
082
_b
13683
100
_a
लागू चिंतामणी
245
_a
व्हीनस
260
_b
"दिलीप प्रकाशन , पुणे"
_c
1981
300
_a
178
630
_a
व्हीनस
730
_a
व्हीनस
942
_c
BOOK
999
_c
458115
_d
458112